Online
Catalog
Normal view MARC view

Entry Nombre corporativo

Number of records used in: 1

001 - NÚMERO DE CONTROL

  • campo de control: 80155

003 - IDENTIFICADOR DEL NÚMERO DE CONTROL

  • campo de control: DO-SdBNP

005 - FECHA Y HORA DE LA ÚLTIMA TRANSACCIÓN

  • campo de control: 20250220112408.0

008 - DATOS DE LONGITUD FIJA

  • campo de control de longitud fija: 211008|| aca||aabn | a|a d

040 ## - FUENTE DE LA CATALOGACIÓN

  • Centro catalogador/agencia de origen: DO-SdBNP
  • Lengua de catalogación: spa
  • Centro/agencia transcriptor: BNPHU
  • Normas de descripción: rda

110 1# - ENCABEZAMIENTO-NOMBRE DE ENTIDAD CORPORATIVA

  • Nombre de entidad corporativa o nombre de jurisdicción como elemento de entrada: República Dominicana
  • Unidad subordinada: Ministerio de Obras Públicas y Comunicaciones

368 ## - OTROS ATRIBUTOS DE PERSONA O ENTIDAD CORPORATIVA

  • Tipo de entidad corporativa: Departamentos ejecutivos

370 ## - LUGAR ASOCIADO

  • Lugar de residencia/sede: República Dominicana

371 ## - DIRECCIÓN

  • Dirección: Calle Héctor Homero Hernández esq. Horacio Blanco Fombona
  • Ciudad: Santo Domingo
  • Jurisdicción secundaria/intermedia: Distrito Nacional
  • País: República Dominicana
  • Código postal: 10514

410 2# - TRAZADO DE VÉASE--NOMBRE DE ENTIDAD CORPORATIVA

  • Nombre de entidad corporativa o nombre de jurisdicción como elemento de entrada: República Dominicana.
  • Unidad subordinada: Dirección General de Obras Públicas

410 2# - TRAZADO DE VÉASE--NOMBRE DE ENTIDAD CORPORATIVA

  • Nombre de entidad corporativa o nombre de jurisdicción como elemento de entrada: República Dominicana.
  • Unidad subordinada: Ministerio de Obras Públicas y Comunicaciones

670 ## - FUENTE DE DATOS ENCONTRADOS

  • Cita de la fuente: Work cat.: (DO-SdBNP)50727: 78758 República Dominicana Ministerio de Obras Públicas, Memoria de gestión 2015 -2016 :, [2016]

670 ## - FUENTE DE DATOS ENCONTRADOS

  • Identificador Uniforme del Recurso: https://authorities.loc.gov/cgi-bin/Pwebrecon.cgi?AuthRecID=12578104&v1=1&HC=1&SEQ=20250220105032&PID=jW2TQdgaT9bl6TlhGgQurJ2efosf Consultado en 20 de febrero, 2025

Powered by Koha